000 00777nam a2200241Ia 4500
003 OSt
005 20250523100254.0
008 220927b |||||||| |||| 00| 0 hin d
020 _a9788173158605
037 _cTextual
040 _aSDCL
_cSDCL
_bhin
041 _2hin
_ahin
084 _a4wM90 Q0
100 _aSalil, Suresh
_9810345
245 0 _aGanesh Shankar Vidyarthi.
246 _aगणेश शंकर विद्यार्थी
260 _aNew Delhi :
_bPrabhat Prakashan,
_c2010.
300 _a117p.
490 _aPatrakarita ke yug nirmata (पत्रकारिता के युग निर्माता )
650 _aHindi
_9391598
942 _cTEXL
_2CC
_n0
999 _c709881
_d709881